000 02091cam a2200541 i 4500
001 11345
003 KOSZ 005
005 20250801135620.0
008 250801s1968 pl a f f 001 0 pol
015 _aUWD 1969/95
035 _a991037392579705066
035 _a(PL-WaBN)b20028428-48omnis_nlop
035 _ab20028428
035 _a(OCoLC)751228276
035 _axx001314551
035 _a(PL)b0000002002842
035 _a(EXLNZ-48OMNIS_NETWORK)9910117560805606
040 _aWA N
_cWA N
_dKOSZ 005/RW
046 _k1968
080 _a624
080 _a69
080 _a(083.1)
245 0 0 _aPoradnik inżyniera i technika budowlanego.
_nT. 2 cz. 3 /
_c[autorzy Tadeusz Bratkowski et al. ; redakcja Eugeniusz Piliszek, Eugenia Krzemińska-Niemiec] ; Polski Związek Inżynierów i Techników Budownictwa.
250 _aWydanie 2 zmienione i rozszerzone.
260 _aWarszawa :
_b"Arkady",
_c1968.
300 _a1043 strony, [3] karty tablic :
_bilustracje ;
_c21 cm.
336 _aTekst
_btxt
_2rdacontent
337 _aBez urządzenia pośredniczącego
_bn
_2rdamedia
338 _aWolumin
_bnc
_2rdacarrier
380 _aKsiążki
380 _aPublikacje fachowe
388 1 _a1901-2000
388 1 _a1945-1989
504 _aBibliografia przy rozdziałach. Indeks.
521 8 _aKsiążka jest przeznaczona dla inżynierów i techników budownictwa, pracujących w biurach projektów i wykonawstwie.
650 7 _aBudownictwo
_2DBN
655 7 _aPoradnik
_2DBN
658 _aArchitektura i budownictwo
658 _aInżynieria i technika
700 1 _aBratkowski, Tadeusz
_d(1936- )
_eAutor
700 1 _aKrzemińska-Niemiec, Eugenia
_eRedakcja
700 1 _aPiliszek, Eugeniusz
_c(budownictwo)
_eRedakcja
710 2 _aPolski Związek Inżynierów i Techników Budownictwa
710 2 _aWydawnictwo Arkady
_4pbl
856 _uhttps://koha.tu.koszalin.pl/cgi-bin/koha/opac-detail.pl?biblionumber=11345
_yKatalog online BPK
942 _2UKD
_cKS
999 _c11345
_d11345